Billy Joel Lyrics Quiz (Part 13) - Statistics

General Stats
  • This quiz has been taken 64 times
  • The average score is 108 of 219
Answer Stats
Answer % Correct
I
96%
a
94%
the
94%
an
85%
we
81%
you
79%
You
79%
In
75%
in
75%
It
75%
it
75%
be
72%
me
72%
to
72%
When
72%
And
70%
on
70%
so
70%
is
66%
there
66%
can
64%
Then
62%
if
60%
If
60%
It’s
60%
that
60%
All
57%
I’m
57%
were
57%
But
55%
have
55%
man
55%
Of
55%
of
55%
time
55%
I’ll
51%
too
51%
got
47%
been
45%
long
45%
I’ve
42%
Well
42%
Well,
42%
just
40%
Tho’
40%
get
38%
never
38%
tell,
38%
way
38%
down
36%
(Oh,
36%
(Oh
36%
oh
36%
oh)
36%
knew
34%
‘Cause
32%
’cause
32%
last
32%
like
32%
best
30%
seen
30%
take
30%
days
28%
seems
28%
those
28%
call
26%
Great
26%
make
26%
might
26%
nights
26%
since
26%
believe,
25%
big
25%
money
25%
spendin’
25%
together
25%
forever
23%
indication
23%
spenders
23%
true
23%
grade
21%
hate
21%
operator
21%
rich
21%
soon
21%
takes
21%
appreciate
19%
desperation
19%
dreamer,
19%
gets
19%
learn
19%
makes
19%
oo
19%
Pretender
19%
situation
19%
small
19%
wealth
19%
between
17%
overdue
17%
knows
15%
landlord
15%
Lord
15%
paid
15%
wasted
13%
(Woo
13%
woo
13%
woo)
13%
thru
11%
ohoh)
2%
No matching quizzes found
Score Distribution
Percent of People with Each Score
Percentile by Number Answered
Your Score History
You have not taken this quiz